Bezpecna stroje a zarizeni

Uložené v:
Podrobná bibliografia
Hlavný autor: RAMES, J. (Author)
Médium: Kniha
Jazyk:Czech
Vydané: 1964
Tagy: Pridať tag
Žiadne tagy, Buďte prvý kto otaguje tento záznam!

MARC

LEADER 00000nam a2200000 a 4500
001 000099708
005 00000000000000.0
008 040101s1964 e czeo
041 0 |a cze 
100 1 |a RAMES, J.  |4 aut 
245 1 0 |a Bezpecna stroje a zarizeni 
260 |c 1964 
500 |a Záznam neprešiel kontrolou 
910 |a svkkk 
998 |a BK 
090 |g SCKHL  |k Sklad Pribinova 2. posch.  |a II.140682  |i 99708-10  |s Absenčne